00345nam a22001097a 4500082001000000100001200010245012800022260003200150526001900182650001300201700002100214 aP-252 aShuaib. aComparison of cone penetrometer and vane shear test for assessment of trafficability.cAamir, Sohail, Hamid, Awais, Kamran. aRisalpur:bMCE.c21-04-2004 a0b0c0dP_252 aProject. aDr. Farhat Javed